[Event "Deutsche Ländermeisterschaft 2023"]
[Site "Hannover GER"]
[Date "2023.10.03"]
[Round "5"]
[White "Uyar, Levin"]
[Black "Hoffmann, Kay"]
[Result "0-1"]
[Termination "normal"]
[Board "6.4"]
[WhiteElo "1720"]
[BlackElo "2064"]
[WhiteClock "00:01:01"]
[BlackClock "00:40:24"]
[WhiteTeam "Baden"]
[BlackTeam "Brandenburg"]
[PlyCount "154"]
[WhiteFideId "16282108"]
[BlackFideId "16227000"]
[EventCountry "GER"]
[EventRounds "7"]
[EventType "team-swiss"]
[EventDate "2023.09.30"]

1. e4 {[%clk 01:30:54]} {[%emt 00:00:06]} e5 {[%clk 01:29:44]} {[%emt
00:01:17]} 2. Nf3 {[%clk 01:31:18]} {[%emt 00:00:06]} Nf6 {[%clk 01:30:10]}
{[%emt 00:00:04]} 3. Nxe5 {[%clk 01:31:35]} {[%emt 00:00:13]} d6 {[%clk
01:30:36]} {[%emt 00:00:04]} 4. Nf3 {[%clk 01:31:56]} {[%emt 00:00:09]} Nxe4
{[%clk 01:30:51]} {[%emt 00:00:05]} 5. Nc3 {[%clk 01:32:16]} {[%emt 00:00:19]}
Nxc3 {[%clk 01:31:16]} {[%emt 00:00:05]} 6. dxc3 {[%clk 01:32:40]} {[%emt
00:00:06]} Be7 {[%clk 01:31:43]} {[%emt 00:00:03]} 7. Bd3 {[%clk 01:31:35]}
{[%emt 00:01:34]} Nd7 {[%clk 01:31:54]} {[%emt 00:00:20]} 8. Be3 {[%clk
01:26:03]} {[%emt 00:06:02]} c6 {[%clk 01:32:08]} {[%emt 00:00:17]} 9. Qe2
{[%clk 01:21:43]} {[%emt 00:04:50]} Nf6 {[%clk 01:32:05]} {[%emt 00:00:34]} 10.
O-O-O {[%clk 01:17:16]} {[%emt 00:04:56]} Be6 {[%clk 01:32:11]} {[%emt
00:00:24]} 11. a3 {[%clk 01:16:42]} {[%emt 00:01:04]} Qa5 {[%clk 01:20:28]}
{[%emt 00:12:13]} 12. Nd4 {[%clk 01:09:46]} {[%emt 00:07:26]} O-O-O {[%clk
01:20:23]} {[%emt 00:00:35]} 13. Bf4 {[%clk 00:56:00]} {[%emt 00:14:16]} Rde8
{[%clk 00:45:08]} {[%emt 00:35:46]} 14. Nxe6 {[%clk 00:34:25]} {[%emt
00:22:05]} Bf8 {[%clk 00:45:15]} {[%emt 00:00:22]} 15. Bc4 {[%clk 00:32:31]}
{[%emt 00:02:24]} d5 {[%clk 00:43:58]} {[%emt 00:01:47]} 16. Qe5 {[%clk
00:31:56]} {[%emt 00:01:05]} Nd7 {[%clk 00:43:47]} {[%emt 00:00:42]} 17. Qc7+
{[%clk 00:22:29]} {[%emt 00:09:56]} Qxc7 {[%clk 00:44:11]} {[%emt 00:00:07]}
18. Nxc7 {[%clk 00:22:53]} {[%emt 00:00:05]} Re4 {[%clk 00:44:36]} {[%emt
00:00:05]} 19. Bg3 {[%clk 00:22:18]} {[%emt 00:01:05]} Rxc4 {[%clk 00:44:53]}
{[%emt 00:00:13]} 20. Rhe1 {[%clk 00:17:23]} {[%emt 00:05:25]} Bc5 {[%clk
00:44:07]} {[%emt 00:01:16]} 21. Ne8 {[%clk 00:16:37]} {[%emt 00:01:16]} g6
{[%clk 00:41:07]} {[%emt 00:03:30]} 22. Bd6 {[%clk 00:13:38]} {[%emt 00:03:30]}
Bxf2 {[%clk 00:36:18]} {[%emt 00:05:18]} 23. Re2 {[%clk 00:13:18]} {[%emt
00:00:51]} Bh4 {[%clk 00:32:06]} {[%emt 00:04:40]} 24. Bg3 {[%clk 00:10:01]}
{[%emt 00:03:48]} Bxg3 {[%clk 00:30:48]} {[%emt 00:01:48]} 25. hxg3 {[%clk
00:10:25]} {[%emt 00:00:06]} Rg4 {[%clk 00:30:01]} {[%emt 00:01:17]} 26. Nd6+
{[%clk 00:10:42]} {[%emt 00:00:13]} Kc7 {[%clk 00:29:47]} {[%emt 00:00:44]} 27.
Nxf7 {[%clk 00:10:59]} {[%emt 00:00:14]} Rf8 {[%clk 00:29:33]} {[%emt
00:00:43]} 28. Re7 {[%clk 00:11:09]} {[%emt 00:00:20]} Re4 {[%clk 00:18:01]}
{[%emt 00:12:02]} 29. Rxe4 {[%clk 00:11:08]} {[%emt 00:00:32]} dxe4 {[%clk
00:18:26]} {[%emt 00:00:05]} 30. Ng5 {[%clk 00:11:05]} {[%emt 00:00:32]} Rf2
{[%clk 00:18:24]} {[%emt 00:00:31]} 31. Nxe4 {[%clk 00:10:09]} {[%emt
00:01:26]} Rxg2 {[%clk 00:18:41]} {[%emt 00:00:13]} 32. Rf1 {[%clk 00:07:15]}
{[%emt 00:03:25]} Re2 {[%clk 00:17:45]} {[%emt 00:01:26]} 33. Nf6 {[%clk
00:04:23]} {[%emt 00:03:23]} Re7 {[%clk 00:14:22]} {[%emt 00:03:52]} 34. Nxd7
{[%clk 00:03:30]} {[%emt 00:01:23]} Kxd7 {[%clk 00:14:19]} {[%emt 00:00:34]}
35. Rf6 {[%clk 00:03:25]} {[%emt 00:00:33]} Ke8 {[%clk 00:13:54]} {[%emt
00:00:56]} 36. Kd2 {[%clk 00:03:21]} {[%emt 00:00:35]} Rf7 {[%clk 00:14:05]}
{[%emt 00:00:18]} 37. Re6+ {[%clk 00:03:09]} {[%emt 00:00:41]} Kf8 {[%clk
00:14:12]} {[%emt 00:00:24]} 38. c4 {[%clk 00:01:58]} {[%emt 00:01:41]} Rf3
{[%clk 00:13:40]} {[%emt 00:01:02]} 39. Rd6 {[%clk 00:01:09]} {[%emt 00:01:19]}
Ke7 {[%clk 00:13:36]} {[%emt 00:00:34]} 40. Rd4 {[%clk 00:00:35]} {[%emt
00:01:04]} Rxg3 {[%clk 00:13:40]} {[%emt 00:00:26]} 41. Re4+ {[%clk 00:29:56]}
{[%emt 00:01:08]} Kd7 {[%clk 00:39:09]} {[%emt 00:05:02]} 42. c5 {[%clk
00:26:29]} {[%emt 00:03:57]} Rf3 {[%clk 00:38:03]} {[%emt 00:01:35]} 43. Rd4+
{[%clk 00:26:18]} {[%emt 00:00:41]} Ke7 {[%clk 00:38:25]} {[%emt 00:00:08]} 44.
Re4+ {[%clk 00:24:51]} {[%emt 00:01:58]} Kf7 {[%clk 00:38:41]} {[%emt
00:00:13]} 45. Rd4 {[%clk 00:25:03]} {[%emt 00:00:16]} Kg7 {[%clk 00:39:06]}
{[%emt 00:00:09]} 46. Ke2 {[%clk 00:23:58]} {[%emt 00:01:34]} Rf7 {[%clk
00:39:18]} {[%emt 00:00:18]} 47. a4 {[%clk 00:22:00]} {[%emt 00:02:29]} h5
{[%clk 00:39:15]} {[%emt 00:00:32]} 48. b4 {[%clk 00:21:58]} {[%emt 00:00:31]}
a6 {[%clk 00:39:13]} {[%emt 00:00:33]} 49. c4 {[%clk 00:20:31]} {[%emt
00:01:57]} Kh6 {[%clk 00:37:32]} {[%emt 00:02:11]} 50. b5 {[%clk 00:20:05]}
{[%emt 00:00:56]} Rf5 {[%clk 00:37:39]} {[%emt 00:00:22]} 51. Rd7 {[%clk
00:16:58]} {[%emt 00:03:37]} Rxc5 {[%clk 00:35:58]} {[%emt 00:02:12]} 52. Rxb7
{[%clk 00:17:16]} {[%emt 00:00:12]} Rxc4 {[%clk 00:36:13]} {[%emt 00:00:15]}
53. bxa6 {[%clk 00:17:08]} {[%emt 00:00:39]} Rxa4 {[%clk 00:36:38]} {[%emt
00:00:04]} 54. a7 {[%clk 00:13:55]} {[%emt 00:03:43]} Ra3 {[%clk 00:36:22]}
{[%emt 00:00:46]} 55. Rc7 {[%clk 00:13:41]} {[%emt 00:00:45]} Kg5 {[%clk
00:36:39]} {[%emt 00:00:12]} 56. Kf2 {[%clk 00:14:01]} {[%emt 00:00:09]} Kf5
{[%clk 00:36:42]} {[%emt 00:00:28]} 57. Rf7+ {[%clk 00:13:54]} {[%emt
00:00:37]} Kg4 {[%clk 00:37:00]} {[%emt 00:00:11]} 58. Rf6 {[%clk 00:09:53]}
{[%emt 00:04:31]} g5 {[%clk 00:37:23]} {[%emt 00:00:08]} 59. Rxc6 {[%clk
00:10:01]} {[%emt 00:00:22]} Ra2+ {[%clk 00:37:29]} {[%emt 00:00:24]} 60. Kg1
{[%clk 00:09:59]} {[%emt 00:00:32]} Rxa7 {[%clk 00:37:51]} {[%emt 00:00:08]}
61. Rc4+ {[%clk 00:09:50]} {[%emt 00:00:39]} Kh3 {[%clk 00:38:08]} {[%emt
00:00:12]} 62. Rc3+ {[%clk 00:10:10]} {[%emt 00:00:11]} Kh4 {[%clk 00:38:32]}
{[%emt 00:00:06]} 63. Rc4+ {[%clk 00:09:34]} {[%emt 00:01:06]} g4 {[%clk
00:38:56]} {[%emt 00:00:06]} 64. Rc5 {[%clk 00:09:42]} {[%emt 00:00:22]} Ra4
{[%clk 00:38:11]} {[%emt 00:01:14]} 65. Kg2 {[%clk 00:09:17]} {[%emt 00:00:56]}
g3 {[%clk 00:38:08]} {[%emt 00:00:34]} 66. Rd5 {[%clk 00:08:44]} {[%emt
00:01:01]} Kg4 {[%clk 00:38:28]} {[%emt 00:00:10]} 67. Rd8 {[%clk 00:05:40]}
{[%emt 00:03:34]} Ra2+ {[%clk 00:38:54]} {[%emt 00:00:05]} 68. Kg1 {[%clk
00:05:58]} {[%emt 00:00:12]} Kh3 {[%clk 00:39:19]} {[%emt 00:00:05]} 69. Rd1
{[%clk 00:06:21]} {[%emt 00:00:07]} h4 {[%clk 00:39:11]} {[%emt 00:00:38]} 70.
Kh1 {[%clk 00:05:54]} {[%emt 00:00:56]} Ra4 {[%clk 00:39:02]} {[%emt 00:00:40]}
71. Rc1 {[%clk 00:04:11]} {[%emt 00:02:13]} Kg4 {[%clk 00:39:25]} {[%emt
00:00:06]} 72. Rf1 {[%clk 00:03:29]} {[%emt 00:01:11]} h3 {[%clk 00:39:47]}
{[%emt 00:00:09]} 73. Rg1 {[%clk 00:02:30]} {[%emt 00:01:19]} Ra3 {[%clk
00:39:19]} {[%emt 00:01:07]} 74. Rc1 {[%clk 00:02:23]} {[%emt 00:00:37]} h2
{[%clk 00:39:41]} {[%emt 00:00:09]} 75. Rc4+ {[%clk 00:00:32]} {[%emt
00:02:22]} Kh3 {[%clk 00:40:02]} {[%emt 00:00:08]} 76. Rc3 {[%clk 00:00:34]}
{[%emt 00:00:28]} Ra1+ {[%clk 00:40:24]} {[%emt 00:00:08]} 77. Rc1 {[%clk
00:01:01]} {[%emt 00:00:04]} Rxc1# {[%emt 00:00:05]} 0-1

[Event "Deutsche Ländermeisterschaft 2023"]
[Site "Hannover GER"]
[Date "2023.10.03"]
[Round "5"]
[White "Dodul, Arthur"]
[Black "Fischer, Darja"]
[Result "0-1"]
[Termination "normal"]
[Board "6.5"]
[WhiteElo "1604"]
[BlackElo "1818"]
[WhiteClock "00:06:19"]
[BlackClock "00:19:04"]
[WhiteTeam "Brandenburg"]
[BlackTeam "Baden"]
[PlyCount "96"]
[WhiteFideId "34609016"]
[BlackFideId "16240898"]
[EventCountry "GER"]
[EventRounds "7"]
[EventType "team-swiss"]
[EventDate "2023.09.30"]

1. e4 {[%clk 01:30:50]} {[%emt 00:00:09]} c5 {[%clk 01:30:57]} {[%emt
00:00:04]} 2. c3 {[%clk 01:30:50]} {[%emt 00:00:30]} d5 {[%clk 01:31:21]}
{[%emt 00:00:07]} 3. exd5 {[%clk 01:30:28]} {[%emt 00:00:52]} Qxd5 {[%clk
01:31:44]} {[%emt 00:00:06]} 4. d4 {[%clk 01:30:06]} {[%emt 00:00:54]} Nf6
{[%clk 01:31:58]} {[%emt 00:00:16]} 5. Nf3 {[%clk 01:29:45]} {[%emt 00:00:50]}
e6 {[%clk 01:31:53]} {[%emt 00:00:34]} 6. Be3 {[%clk 01:29:30]} {[%emt
00:00:44]} cxd4 {[%clk 01:32:14]} {[%emt 00:00:11]} 7. Bxd4 {[%clk 01:29:28]}
{[%emt 00:00:32]} Be7 {[%clk 01:32:02]} {[%emt 00:00:42]} 8. Bd3 {[%clk
01:29:17]} {[%emt 00:00:39]} Nc6 {[%clk 01:31:36]} {[%emt 00:00:57]} 9. O-O
{[%clk 01:20:02]} {[%emt 00:09:46]} e5 {[%clk 01:27:45]} {[%emt 00:04:21]} 10.
c4 {[%clk 01:16:27]} {[%emt 00:04:05]} Qd6 {[%clk 01:26:48]} {[%emt 00:01:25]}
11. c5 {[%clk 01:16:12]} {[%emt 00:00:47]} Qc7 {[%clk 01:27:02]} {[%emt
00:00:15]} 12. Bc3 {[%clk 01:15:46]} {[%emt 00:00:56]} O-O {[%clk 01:21:38]}
{[%emt 00:05:55]} 13. Re1 {[%clk 01:14:30]} {[%emt 00:01:47]} Bg4 {[%clk
01:20:02]} {[%emt 00:02:06]} 14. h3 {[%clk 01:03:50]} {[%emt 00:11:10]} Bxf3
{[%clk 01:18:23]} {[%emt 00:02:08]} 15. Qxf3 {[%clk 01:04:14]} {[%emt
00:00:06]} Bxc5 {[%clk 01:18:40]} {[%emt 00:00:13]} 16. Qf5 {[%clk 01:00:18]}
{[%emt 00:04:24]} Rfe8 {[%clk 01:13:34]} {[%emt 00:05:38]} 17. Nd2 {[%clk
00:54:39]} {[%emt 00:06:09]} Nd4 {[%clk 01:05:13]} {[%emt 00:08:51]} 18. Bxd4
{[%clk 00:54:40]} {[%emt 00:00:29]} Bxd4 {[%clk 01:05:38]} {[%emt 00:00:06]}
19. Rab1 {[%clk 00:44:00]} {[%emt 00:11:08]} Rad8 {[%clk 00:57:27]} {[%emt
00:08:42]} 20. Ne4 {[%clk 00:42:38]} {[%emt 00:01:51]} Nxe4 {[%clk 00:57:50]}
{[%emt 00:00:08]} 21. Qxe4 {[%clk 00:42:58]} {[%emt 00:00:10]} g6 {[%clk
00:57:57]} {[%emt 00:00:23]} 22. g4 {[%clk 00:38:27]} {[%emt 00:05:01]} Qb6
{[%clk 00:54:23]} {[%emt 00:04:03]} 23. Re2 {[%clk 00:37:08]} {[%emt 00:01:50]}
Re7 {[%clk 00:51:49]} {[%emt 00:03:04]} 24. Kg2 {[%clk 00:34:44]} {[%emt
00:02:55]} Bc5 {[%clk 00:46:34]} {[%emt 00:05:44]} 25. b4 {[%clk 00:32:27]}
{[%emt 00:02:47]} Bd4 {[%clk 00:46:35]} {[%emt 00:00:28]} 26. Bc4 {[%clk
00:31:43]} {[%emt 00:01:14]} Rd6 {[%clk 00:43:51]} {[%emt 00:03:14]} 27. f4
{[%clk 00:27:29]} {[%emt 00:04:45]} Bc3 {[%clk 00:33:57]} {[%emt 00:10:23]} 28.
Qf3 {[%clk 00:19:55]} {[%emt 00:08:01]} Rd4 {[%clk 00:24:27]} {[%emt 00:10:04]}
29. Rxe5 {[%clk 00:12:06]} {[%emt 00:08:20]} Rxe5 {[%clk 00:21:19]} {[%emt
00:03:37]} 30. Bxf7+ {[%clk 00:12:15]} {[%emt 00:00:21]} Kg7 {[%clk 00:21:22]}
{[%emt 00:00:27]} 31. fxe5 {[%clk 00:12:31]} {[%emt 00:00:15]} Rd2+ {[%clk
00:21:10]} {[%emt 00:00:41]} 32. Kf1 {[%clk 00:08:11]} {[%emt 00:04:50]} Bd4
{[%clk 00:19:57]} {[%emt 00:01:42]} 33. Qf6+ {[%clk 00:04:55]} {[%emt
00:03:46]} Qxf6+ {[%clk 00:20:22]} {[%emt 00:00:05]} 34. exf6+ {[%clk
00:05:23]} {[%emt 00:00:03]} Kxf7 {[%clk 00:20:44]} {[%emt 00:00:08]} 35. a4
{[%clk 00:05:23]} {[%emt 00:00:29]} Rf2+ {[%clk 00:20:32]} {[%emt 00:00:42]}
36. Ke1 {[%clk 00:05:44]} {[%emt 00:00:09]} Rxf6 {[%clk 00:20:59]} {[%emt
00:00:03]} 37. Rb3 {[%clk 00:05:51]} {[%emt 00:00:23]} Re6+ {[%clk 00:20:01]}
{[%emt 00:01:29]} 38. Kd2 {[%clk 00:06:12]} {[%emt 00:00:08]} Re7 {[%clk
00:19:15]} {[%emt 00:01:17]} 39. Rd3 {[%clk 00:06:12]} {[%emt 00:00:28]} Be5
{[%clk 00:19:37]} {[%emt 00:00:09]} 40. Kc2 {[%clk 00:06:18]} {[%emt 00:00:23]}
Kf6 {[%clk 00:19:03]} {[%emt 00:01:06]} 41. h4 {[%clk 00:05:22]} {[%emt
00:01:26]} Rc7+ {[%clk 00:18:10]} {[%emt 00:01:22]} 42. Kb3 {[%clk 00:05:40]}
{[%emt 00:00:14]} h5 {[%clk 00:18:21]} {[%emt 00:00:19]} 43. Rf3+ {[%clk
00:05:31]} {[%emt 00:00:38]} Ke6 {[%clk 00:18:41]} {[%emt 00:00:09]} 44. g5
{[%clk 00:05:45]} {[%emt 00:00:18]} Rf7 {[%clk 00:19:06]} {[%emt 00:00:05]} 45.
Rh3 {[%clk 00:05:57]} {[%emt 00:00:17]} Rf4 {[%clk 00:19:22]} {[%emt 00:00:14]}
46. Rh1 {[%clk 00:05:56]} {[%emt 00:00:32]} Kf5 {[%clk 00:19:26]} {[%emt
00:00:26]} 47. a5 {[%clk 00:06:05]} {[%emt 00:00:20]} Bd6 {[%clk 00:19:07]}
{[%emt 00:00:49]} 48. b5 {[%clk 00:06:19]} {[%emt 00:00:17]} Rb4+ {[%clk
00:19:04]} {[%emt 00:00:33]} 0-1

[Event "Deutsche Ländermeisterschaft 2023"]
[Site "Hannover GER"]
[Date "2023.10.03"]
[Round "5"]
[White "Heuberger, Sandra"]
[Black "Kateryniuk, Ivan"]
[Result "1/2-1/2"]
[Termination "normal"]
[Board "6.7"]
[WhiteElo "1271"]
[BlackElo "1561"]
[WhiteClock "00:26:16"]
[BlackClock "00:36:39"]
[WhiteTeam "Brandenburg"]
[BlackTeam "Baden"]
[PlyCount "66"]
[WhiteFideId "16232151"]
[BlackFideId "34138943"]
[EventCountry "GER"]
[EventRounds "7"]
[EventType "team-swiss"]
[EventDate "2023.09.30"]

1. d4 {[%clk 01:30:57]} {[%emt 00:00:03]} d5 {[%clk 01:30:48]} {[%emt
00:00:11]} 2. c4 {[%clk 01:31:13]} {[%emt 00:00:15]} c6 {[%clk 01:31:03]}
{[%emt 00:00:08]} 3. Nc3 {[%clk 01:31:03]} {[%emt 00:00:46]} Nf6 {[%clk
01:31:27]} {[%emt 00:00:06]} 4. cxd5 {[%clk 01:30:47]} {[%emt 00:00:47]} cxd5
{[%clk 01:31:53]} {[%emt 00:00:05]} 5. Nf3 {[%clk 01:30:24]} {[%emt 00:00:52]}
e6 {[%clk 01:31:55]} {[%emt 00:00:28]} 6. Bf4 {[%clk 01:29:46]} {[%emt
00:01:08]} a6 {[%clk 01:31:59]} {[%emt 00:00:25]} 7. e3 {[%clk 01:29:25]}
{[%emt 00:00:52]} Bd6 {[%clk 01:32:16]} {[%emt 00:00:13]} 8. Ne5 {[%emt
00:03:39]} Nc6 {[%clk 01:31:20]} {[%emt 00:00:11]} 9. Be2 {[%clk 01:25:45]}
{[%emt 00:02:16]} Bxe5 {[%clk 01:30:58]} {[%emt 00:00:53]} 10. Bxe5 {[%clk
01:24:11]} {[%emt 00:02:03]} O-O {[%clk 01:30:00]} {[%emt 00:01:28]} 11. O-O
{[%clk 01:22:26]} {[%emt 00:02:14]} Nxe5 {[%clk 01:30:00]} {[%emt 00:00:29]}
12. dxe5 {[%clk 01:22:34]} {[%emt 00:00:23]} Nd7 {[%clk 01:30:25]} {[%emt
00:00:03]} 13. f4 {[%clk 01:22:25]} {[%emt 00:00:41]} Qb6 {[%clk 01:30:31]}
{[%emt 00:00:23]} 14. Qd2 {[%clk 01:20:45]} {[%emt 00:02:10]} f6 {[%clk
01:30:20]} {[%emt 00:00:42]} 15. exf6 {[%clk 01:12:32]} {[%emt 00:08:43]} Nxf6
{[%clk 01:30:15]} {[%emt 00:00:34]} 16. Rf3 {[%clk 01:11:30]} {[%emt 00:01:33]}
Rd8 {[%clk 01:25:00]} {[%emt 00:05:45]} 17. Rd1 {[%clk 01:08:26]} {[%emt
00:03:35]} Bd7 {[%clk 01:23:31]} {[%emt 00:01:58]} 18. Rg3 {[%clk 01:07:05]}
{[%emt 00:01:52]} Be8 {[%clk 01:23:00]} {[%emt 00:01:01]} 19. Qd4 {[%clk
00:59:44]} {[%emt 00:07:50]} Qxd4 {[%clk 01:21:52]} {[%emt 00:01:39]} 20. Rxd4
{[%clk 00:59:21]} {[%emt 00:00:52]} Bh5 {[%clk 01:19:19]} {[%emt 00:03:04]} 21.
Bd3 {[%clk 00:56:57]} {[%emt 00:02:53]} Kf7 {[%clk 01:05:14]} {[%emt 00:14:35]}
22. Rb4 {[%clk 00:55:02]} {[%emt 00:02:24]} Rd7 {[%clk 01:02:54]} {[%emt
00:02:51]} 23. Rb6 {[%clk 00:54:06]} {[%emt 00:01:24]} Bg6 {[%clk 00:56:11]}
{[%emt 00:07:16]} 24. Bxg6+ {[%clk 00:46:27]} {[%emt 00:08:08]} hxg6 {[%clk
00:56:27]} {[%emt 00:00:16]} 25. Rg5 {[%clk 00:45:24]} {[%emt 00:01:32]} Rc8
{[%clk 00:54:22]} {[%emt 00:02:35]} 26. Kf1 {[%clk 00:38:53]} {[%emt 00:06:59]}
Ne4 {[%clk 00:52:10]} {[%emt 00:02:45]} 27. Nxe4 {[%clk 00:37:45]} {[%emt
00:01:38]} dxe4 {[%clk 00:52:32]} {[%emt 00:00:08]} 28. Re5 {[%clk 00:37:15]}
{[%emt 00:00:58]} Rc2 {[%clk 00:49:36]} {[%emt 00:03:20]} 29. Ke1 {[%clk
00:33:49]} {[%emt 00:04:03]} Rdd2 {[%clk 00:48:14]} {[%emt 00:01:47]} 30. Rxb7+
{[%clk 00:30:48]} {[%emt 00:03:36]} Kg8 {[%clk 00:47:36]} {[%emt 00:01:04]} 31.
Rg5 {[%clk 00:26:40]} {[%emt 00:04:41]} Re2+ {[%clk 00:38:27]} {[%emt
00:09:40]} 32. Kd1 {[%clk 00:26:01]} {[%emt 00:01:08]} Rcd2+ {[%clk 00:38:42]}
{[%emt 00:00:15]} 33. Kc1 {[%clk 00:26:16]} {[%emt 00:00:16]} Rc2+ {[%clk
00:36:39]} {[%emt 00:02:33]} 1/2-1/2

[Event "Deutsche Ländermeisterschaft 2023"]
[Site "Hannover GER"]
[Date "2023.10.03"]
[Round "5"]
[White "Rafikova, Ailin"]
[Black "Börner, Emma Charlotte"]
[Result "1-0"]
[Termination "normal"]
[Board "6.8"]
[WhiteElo "1359"]
[BlackElo "1107"]
[WhiteClock "00:24:33"]
[BlackClock "00:44:39"]
[WhiteTeam "Baden"]
[BlackTeam "Brandenburg"]
[PlyCount "55"]
[WhiteFideId "34612173"]
[BlackFideId "34637907"]
[EventCountry "GER"]
[EventRounds "7"]
[EventType "team-swiss"]
[EventDate "2023.09.30"]

1. e4 {[%clk 01:30:53]} {[%emt 00:00:05]} c5 {[%clk 01:30:53]} {[%emt
00:00:08]} 2. Nc3 {[%clk 01:30:52]} {[%emt 00:00:31]} Nc6 {[%clk 01:31:14]}
{[%emt 00:00:09]} 3. g3 {[%clk 01:30:58]} {[%emt 00:00:24]} g6 {[%clk
01:31:34]} {[%emt 00:00:10]} 4. Bg2 {[%clk 01:31:07]} {[%emt 00:00:20]} Bg7
{[%clk 01:31:42]} {[%emt 00:00:22]} 5. d3 {[%clk 01:30:45]} {[%emt 00:00:52]}
d6 {[%clk 01:31:57]} {[%emt 00:00:15]} 6. Be3 {[%clk 01:29:36]} {[%emt
00:01:40]} h5 {[%clk 01:31:40]} {[%emt 00:00:46]} 7. Qd2 {[%clk 01:22:09]}
{[%emt 00:07:58]} h4 {[%clk 01:30:12]} {[%emt 00:01:57]} 8. Nge2 {[%clk
01:17:37]} {[%emt 00:05:02]} h3 {[%clk 01:28:18]} {[%emt 00:02:24]} 9. Bf1
{[%clk 01:14:32]} {[%emt 00:03:36]} e5 {[%clk 01:26:57]} {[%emt 00:01:51]} 10.
f4 {[%clk 01:08:11]} {[%emt 00:06:50]} exf4 {[%clk 01:21:46]} {[%emt 00:05:41]}
11. Nxf4 {[%clk 01:05:15]} {[%emt 00:03:26]} Nge7 {[%clk 01:18:13]} {[%emt
00:04:04]} 12. Be2 {[%clk 01:03:21]} {[%emt 00:02:24]} Bd7 {[%clk 01:13:16]}
{[%emt 00:05:27]} 13. O-O {[%clk 00:56:13]} {[%emt 00:07:37]} a6 {[%clk
01:07:57]} {[%emt 00:05:49]} 14. Nfd5 {[%clk 00:50:40]} {[%emt 00:06:03]} Nxd5
{[%clk 01:05:29]} {[%emt 00:02:59]} 15. Nxd5 {[%clk 00:49:05]} {[%emt
00:02:05]} b5 {[%clk 01:01:48]} {[%emt 00:04:10]} 16. Bg5 {[%clk 00:46:10]}
{[%emt 00:03:24]} f6 {[%clk 00:59:44]} {[%emt 00:02:37]} 17. Nxf6+ {[%clk
00:42:26]} {[%emt 00:04:12]} Bxf6 {[%clk 00:58:41]} {[%emt 00:01:33]} 18. Bxf6
{[%clk 00:40:36]} {[%emt 00:02:21]} Qb6 {[%clk 00:56:49]} {[%emt 00:02:21]} 19.
Bxh8 {[%clk 00:39:06]} {[%emt 00:02:01]} O-O-O {[%clk 00:56:38]} {[%emt
00:00:41]} 20. Bf6 {[%clk 00:37:52]} {[%emt 00:01:43]} Rg8 {[%clk 00:53:12]}
{[%emt 00:03:56]} 21. c3 {[%clk 00:34:54]} {[%emt 00:03:29]} Be6 {[%clk
00:49:47]} {[%emt 00:03:54]} 22. Qf4 {[%clk 00:32:47]} {[%emt 00:02:37]} d5
{[%clk 00:48:57]} {[%emt 00:01:20]} 23. Bg4 {[%clk 00:31:59]} {[%emt 00:01:18]}
Nd8 {[%clk 00:48:06]} {[%emt 00:01:21]} 24. exd5 {[%clk 00:28:46]} {[%emt
00:03:43]} Bxg4 {[%clk 00:46:34]} {[%emt 00:01:58]} 25. Qxg4+ {[%clk 00:28:25]}
{[%emt 00:00:55]} Kb7 {[%clk 00:46:27]} {[%emt 00:00:35]} 26. Qd7+ {[%clk
00:26:36]} {[%emt 00:02:21]} Ka8 {[%clk 00:44:26]} {[%emt 00:02:30]} 27. Bxd8
{[%clk 00:25:42]} {[%emt 00:01:25]} Rxd8 {[%clk 00:44:39]} {[%emt 00:00:17]}
28. Qc6+ {[%clk 00:24:33]} {[%emt 00:01:39]} 1-0